Statistiken für Größte deutsche Städte westlich des Rheins

Klicken Sie hier um das Quiz zu spielen!

Allgemein

  • Dieses Quiz wurde 2.139 mal gespielt
  • Das Durchschnittsergebnis liegt bei 9 aus 16

Antwortstatistiken

EinwohnerStadt% Korrekt
1'085'664Köln
99%
247'380Aachen
83%
327'258Bonn
78%
180'741Saarbrücken
73%
217'118Mainz
72%
114'024Koblenz
69%
110'636Trier
67%
261'454Mönchengladbach
65%
99'845Kaiserslautern
52%
171'061Ludwigshafen
50%
227'020Krefeld
49%
153'796Neuss
42%
83'330Worms
31%
90'733Düren
27%
103'725Moers
26%
76'905Viersen
14%

Verteilung der Resultate

Perzentil nach korrekt beantworteten Fragen

Anzahl Personen mit jedem Resultat

Ihre Resultats-Entwicklung

Sie haben dieses Quiz noch nicht gespielt